000 00724nam a2200193 4500
001 140519
003 ES-MaACL
005 20230906200109.0
007 t|
008 070214s1908 sp r ||||1| spa d
100 1 _aSeifert, Otto.
_9105255
245 1 0 _aManual de exploración clínica y de diagnóstico médico /
_cO. Seifert y F. Müller ; traducido directamente de la 12ª ed. alemana por Francisco Tous Biaggi ; con un prólogo de Eusebio Oliver.
260 _aBarcelona :
_bManuel Martín,
_c1908 (
_fBorrás y Mestres)
300 _aIX, 439 p. ;
_c20 cm.
700 1 _aMüller, Friedrich.
_984121
700 1 _aTous Biaggi, Francisco.
_9111157
700 1 _aOliver, Eusebio.
_986806
852 _aES-MaACL
_jB-11775
999 _c140519
_d140519